| Tag |
First Indicator |
Second Indicator |
Subfields |
| LEADER |
00000cam a2200000 a 4500 |
| 001 |
in00000073634 |
| 005 |
20151008053535.0 |
| 008 |
811021s1977 nyua 00110 eng d |
| 020 |
|
|
|a 0883322684 :
|c $19.95
|
| 035 |
|
|
|a (OCoLC)07864084
|
| 035 |
|
|
|9 AAH7774AM
|
| 040 |
|
|
|a CPG
|c CPG
|d TXA
|d UtOrBLW
|
| 041 |
1 |
|
|a eng
|a ger
|
| 049 |
|
|
|a TXAM
|c [1803483]
|
| 090 |
|
|
|a TX725.A1
|b K7613 1977a
|
| 092 |
|
|
|a 641.59
|b KRU
|
| 100 |
1 |
|
|a Krüger, Arne.
|
| 240 |
1 |
0 |
|a Kochvergnügen wie noch nie.
|l English
|
| 245 |
1 |
4 |
|a The best of cooking /
|c Arne Kruger & Annette Wolter ; photography by Christian Teubner.
|
| 264 |
|
1 |
|a New York :
|b Larousse Co.,
|c [1977]
|
| 264 |
|
4 |
|c ©1977
|
| 300 |
|
|
|a 336 pages :
|b color illustrations ;
|c 29 cm.
|
| 336 |
|
|
|a text
|b txt
|2 rdacontent
|
| 337 |
|
|
|a unmediated
|b n
|2 rdamedia
|
| 338 |
|
|
|a volume
|b nc
|2 rdacarrier
|
| 500 |
|
|
|a Translation of: Kochvergnugen wie noch nie.
|
| 500 |
|
|
|a Includes index.
|
| 650 |
|
0 |
|a International cooking.
|
| 700 |
1 |
|
|a Wolter, Annette.
|
| 700 |
1 |
|
|a Teubner, Christian.
|
| 999 |
|
|
|a MARS
|
| 999 |
f |
f |
|s a8e642e7-324c-3803-bd30-dae1f3417de6
|i 9146fc72-1c74-349d-a3a9-859f8e356c40
|t 0
|
| 952 |
f |
f |
|p normal
|a Texas A&M University
|b College Station
|c Sterling C. Evans Library
|d Evans: Library Stacks
|t 0
|e TX725.A1 K7613 1977a
|h Library of Congress classification
|i unmediated -- volume
|m A14806260134
|
| 998 |
f |
f |
|a TX725.A1 K7613 1977a
|t 0
|l Evans: Library Stacks
|